000 01097nam0a22002891 4500
001 rc\3637002
005 20260406163536.0
021 _aRU
_b71-16285
021 _aRU
_bРг9856-71
035 _a(NLR Aleph) 007726630
090 _a7010054
_c7010054
100 _a20130115d1970 |||y0rusy50 ca
101 0 _arus
102 _aRU
105 _ay c |||||
200 1 _aМетодические указания к работе в очагах инфекционного гепатита
_fИркут. науч.-исслед. ин-т эпидемиологии и микробиологии
210 _aИркутск
_cБ. и.
_d1970
215 _a[1], 15 с.
_d20
300 _aНа [1]-й с. сост.: доц. Н.Н. Лапин и А.Л. Симакова
702 1 _aСимакова
_bА.Л.
_4220
702 1 _aЛапин
_bН.Н.
_4220
712 0 2 _aИркутский НИИ эпидемиологии и микробиологии
_9364848
_3RU\NLR\AUTH\889934933
801 0 _aRU
_bNLR
_gpsbo
801 1 _aRU
_bELAR
_2rusmarc
852 _aNLR
_j71-4/17383
942 _cBOOK
980 _aNB